000 nam a22 7a 4500
999 _c10032
_d10032
008 180209b ||||| |||| 00| 0 eng d
100 _aHunia, F
_96059
245 _aPeter and the way
260 _aLondon
_bladybird publication